Name the city by satellite image - Statistics

General Stats
  • This quiz has been taken 16 times
  • The average score is 10 of 16
Answer Stats
Picture Answer % Correct
Dubai
100%
London
100%
Venice
94%
Istanbul
88%
Amsterdam
81%
Chicago
81%
New York city
75%
Rome
75%
Singapore
75%
Montreal
50%
Shanghai
50%
Buenos Aires
44%
Sydney
44%
Boston
38%
Detroit
31%
monoco
0%
No matching quizzes found
Score Distribution
Percent of People with Each Score
Percentile by Number Answered
Your Score History
You have not taken this quiz